00285 a2200109 4500000002500000100002500025110002500050245002100075250001900096260003000115264003000145 nam a22 7a 4500 aPatel, Rajnikant P.  aPatel, Rajnikant P.  aSports Coaching  aLatest edition bKhel Sahitya Kendrac2025 bKhel Sahitya Kendrac2025